banner koha

Substrate for cupuaçu plantlets and the influence of cow urine as biofertilizer (Registro n. 339556)

MARC details
000 -LÍDER
fixed length control field 04285nab a2200373 i 4500
003 - CÓDIGO MARC DA AGÊNCIA CATALOGADORA
Campo de controle BR-BrBNA
005 - DATA E HORA DA ÚLTIMA ATUALIZAÇÃO
Campo de controle 20251223135955.0
008 - CAMPO DE TAMANHO FIXO
fixed length control field 251223b2021 bl.|r|poo|||| 00| 0 eng |
040 ## - FONTE DA CATALOGAÇÃO
Agência catalogadora BR-BrBNA
Idioma da catalogação eng
072 ## - CATEGORIA AGRIS
Código AGRIS F61
Código do objeto 1190
072 ## - CATEGORIA AGRIS
Código AGRIS F04
100 ## - ENTRADA PRINCIPAL - NOME PESSOAL
Nome pessoal Coelho, Anapaula de Paula Cidade
100 ## - ENTRADA PRINCIPAL - NOME PESSOAL
Nome pessoal Marrocos, Paulo Cesar Lima
100 ## - ENTRADA PRINCIPAL - NOME PESSOAL
Nome pessoal Mielke, Marcelo Schramm
100 ## - ENTRADA PRINCIPAL - NOME PESSOAL
Nome pessoal Santos, Martielly Santana dos
100 ## - ENTRADA PRINCIPAL - NOME PESSOAL
Nome pessoal Gallo, Cibele Merched
100 ## - ENTRADA PRINCIPAL - NOME PESSOAL
Nome pessoal Gross, Eduardo
245 ## - TÍTULO PRINCIPAL
Título principal Substrate for cupuaçu plantlets and the influence of cow urine as biofertilizer
500 ## - NOTA GERAL
Nota geral <br/>Publicação online; 47 ref.; 4 tables; Summaries (En, Pt)
942 ## - ADDED ENTRY ELEMENTS (KOHA)
Koha item type Analítica
520 ## - NOTA DE RESUMO
Nota de conteúdo <br/><br/><br/>Abstract - The use of organic waste as components of substrate to produce fruit plantlets provides alternative materials, easily available and low cost. The aim of this work was to evaluate the effect of substrate and biofertilization with cow urine on the growth of cupuaçu plants (Theobroma grandiflorum) in an organic production system. A factorial experiment was conducted in a completely randomized design with 12 replications including four types of substrates (base mixture; base mixture + coconut fiber; base mixture + cocoa shell and base mixture + sand) with or without biofertilizer application totalizing 96 experimental units. Substrate and biofertilizer influenced the gas exchange and growth of T. grandiflorum plants. The interaction between these two factors significantly affected the dry matter, relative growth rate, net photosynthetic rate, and content of P, K and Mn in the leaves. Each factor, substrate and of cow urine application, independently, influenced the chlorophyll index, the leaf area, diameter, and height of the cupuaçu plants and the contents of N, Ca, Mg, Zn, Fe and Cu in the leaves. The base mixture substrate (composed by soil and organic compost) and fertilization with 1% of cow urine can be indicated to T. grandiflorum plantlets organic production.<br/><br/><br/><br/>Index terms: Nutrient content, Gas exchange, Growth rate, Organic fertilization; Theobroma grandiflorum.
520 ## - NOTA DE RESUMO
Nota de conteúdo <br/><br/><br/>Resumo – A utilização de resíduos orgânicos como componentes de substrato para a produção de mudas de frutíferas provê materiais alternativos de fácil disponibilidade e de baixo custo. O objetivo deste trabalho foi avaliar o efeito do substrato e da biofertilização com urina de vaca no crescimento do cupuaçuzeiro (Theobroma grandiflorum), em sistema de produção orgânico. Foi conduzido um experimento fatorial em delineamento inteiramente casualizado, com 12 repetições, incluindo quatro tipos de substrato (mistura-base; mistura-base + fibra de coco; mistura-base + casca de cacau e mistura-base + areia), com ou sem aplicação de biofertilizante, totalizando 96 unidades experimentais. O substrato e o biofertilizante influenciaram as trocas gasosas e o crescimento das plantas de T. grandiflorum. A interação entre os dois fatores afetou significativamente a matéria seca, a taxa de crescimento relativo, a taxa fotossintética líquida e o conteúdo de P, K e Mn nas folhas. De forma independente, os fatores substrato e aplicação de urina de vaca influenciaram o índice de clorofila, a área foliar, o diâmetro e a altura das plantas de cupuaçu e os teores de N, Ca, Mg, Zn, Fe e Cu na parte aérea. A mistura-base do substrato (formada por solo e composto orgânico) e a fertilização com 1% de urina de vaca podem ser indicadas para a produção orgânica de mudas de T. grandiflorum.<br/><br/><br/><br/>Termos para indexação: Conteúdo de nutrientes, Trocas gasosas foliares, Taxa de crescimento, Fertilização orgânica; Theobroma grandiflorum.
650 ## - ASSUNTO - THESAGRO
Cabeçalho tópico ou nome geográfico CUPUAÇU
650 ## - ASSUNTO - THESAGRO
Cabeçalho tópico ou nome geográfico MUDA
650 ## - ASSUNTO - THESAGRO
Cabeçalho tópico ou nome geográfico CRESCIMENTO
650 ## - ASSUNTO - THESAGRO
Cabeçalho tópico ou nome geográfico FOLHA
650 ## - ASSUNTO - THESAGRO
Cabeçalho tópico ou nome geográfico TROCA GASOSA
650 ## - ASSUNTO - THESAGRO
Cabeçalho tópico ou nome geográfico SUBSTRATO DE CULTURA
650 ## - ASSUNTO - THESAGRO
Cabeçalho tópico ou nome geográfico BIOFERTILIZANTE
650 ## - ASSUNTO - THESAGRO
Cabeçalho tópico ou nome geográfico PRODUÇÃO ORGÂNICA
773 0# - ENTRADA ANALÍTICA
Host Biblionumber 805
Registro do item 317053
Imprenta Jaboticabal-SP Sociedade Brasileira de Fruticultura 1978
Outro identificador 2024-3615
Título Revista Brasileira de Fruticultura (Brazil)
ISSN 0100-2945
Colação v. 43(4) p. 1-10; (2021)
Número de controle de registro BR2025004821
856 ## - ACESSO E ENDEREÇO ELETRÔNICO
Identificador uniforme de recurso - URI https://www.scielo.br/j/rbf/a/rKPwxDPfCkHmYMjfs9qyftd/?format=pdf&lang=en

Nenhum exemplar disponível.

BINAGRI

Telefone: (61)3218-2567/2388/3357/2097 - binagri@agro.gov.br

Ministério da Agricultura e Pecuária , Esplanada dos Ministérios, Bloco D, Anexo B, Brasília/DF, CEP: 70.043-900